Building Safety: Industry Safety Steering Group Report for the Secretary of State (Record no. 121114)

MARC details
000 -LEADER
fixed length control field 01328nam a22001817a 4500
001 - CONTROL NUMBER
control field K121114
008 - FIXED-LENGTH DATA ELEMENTS--GENERAL INFORMATION
fixed length control field 190716b2019 ||||| |||| 00| 0 eng d
110 ## - MAIN ENTRY--CORPORATE NAME
9 (RLIN) 6276
Corporate author Industry Safety Steering Group
245 ## - TITLE STATEMENT
Title Building Safety: Industry Safety Steering Group Report for the Secretary of State
260 ## - PUBLICATION INFORMATION
Date 2019
520 ## - ABSTRACT
Abstract This report provides the Secretary of State and Ministers with an update on the work of the Industry Safety Steering Group (ISSG) to date, their view on industry’s progress with culture change and their priorities for the next six months. The group was established to encourage culture change within the construction industry and to monitor broader industry’s progress on implementing the recommendations in the Independent Review of Building Regulations and Fire Safety following the Grenfell fire. It focusses on a number of themes the ISSG has reviewed to date; competence, industry culture change and leadership, procurement and construction products
650 ## - KEYWORDS
Keywords fire safety
650 ## - KEYWORDS
Keywords Grenfell fire
650 ## - KEYWORDS
Keywords construction industry
651 ## - SUBJECT ADDED ENTRY--GEOGRAPHIC NAME
Geographic name United Kingdom 1973
690 ## - LOCAL SUBJECT ADDED ENTRY--TOPICAL TERM (OCLC, RLIN)
9 (RLIN) 6244
Topical term or geographic name as entry element Health and safety
856 ## - ONLINE RESOURCE
Uniform Resource Identifier https://www.gov.uk/government/publications/industry-safety-steering-group-report-on-culture-change-in-the-construction-sector
Public note View free online at www.gov.uk
Holdings
Withdrawn status Lost status Source of classification or shelving scheme Damaged status Not for loan Home library Current library Shelving location Date acquired Total Checkouts Date last seen Price effective from Koha item type
    Dewey Decimal Classification     Virtual Virtual Online 30/09/2019   30/09/2019 30/09/2019 News article